000 00451nam a2200157 4500
001 138527
003 ES-MaACL
005 20230906195600.0
007 t|
008 070214s1959 sp r ||||1| spa d
100 1 _aSan Román Colino, José P.
_9102301
245 1 3 _aEl juicio ejecutivo y sus formularios /
_cJosé P. San Román Colino.
260 _aMadrid :
_bMayo,
_c1959.
300 _a363 p. ;
_c21 cm.
852 _aES-MaACL
_jC-15656
_bR.43536
999 _c138527
_d138527